| 000 | 00819nam a2200241 a 4500 | ||
|---|---|---|---|
| 001 | BRCA_848 | ||
| 005 | 20190320203156.0 | ||
| 008 | 830526s1981 sp-a---##b---s000-0dspa-# | ||
| 020 | _a8485379098 | ||
| 040 |
_aDLC _cDLC _dDLC |
||
| 050 | 4 |
_aNK7162 _b.A77 1981 |
|
| 100 | 1 |
_aArrue Ugarte, Ma. Begoña _92825 |
|
| 245 | 1 | 0 |
_aLa platería logroñesa _cMa. Begoña Arrue Ugarte. |
| 260 |
_aLogroño _bInstituto de Estudios Riojanos _c1981 |
||
| 300 |
_a279 p. _bil. _c24 cm. |
||
| 440 | 0 |
_aBiblioteca de temas riojanos _v44 _92826 |
|
| 500 | _aIncluye índice geográfico e índice de artífices | ||
| 504 | _aBibliografía : p. 266-271 | ||
| 650 | 1 | 4 |
_aTrabajo en plata _xHistoria _zEspaña _92827 |
| 650 | 1 | 4 |
_aTrabajo en plata _vBiografía _zEspaña _92828 |
| 651 | 4 |
_aLogroño (España) _vBiografía _92829 |
|
| 942 |
_2lcc _cB |
||
| 999 |
_c743 _d743 |
||